000 00678nam a22002177a 4500
003 OSt
005 20260312012750.0
008 260312b |||||||| |||| 00| 0 eng d
020 _a0-534-41868-6.
040 _aDWCL Main lib
_cOC
082 _aCirc. 361 M113i 2005
100 _aMcclam, Tricia
245 _aIntroduction to human services :
_bcases and applications
_cTricia Mcclam
260 _aAustralia :
_bThomson/Wadsworth,
_cc2005.
300 _aviii, 179 p. :
_bill. ;
_c28 cm.
504 _aIncludes index.
650 _a1. Human services-Case studies.
650 _a2. Social work-Case Studies.
700 _aMarianne Woodside
942 _2ddc
_cBK-CIRC
_kCirc.
_n0
999 _c8987
_d8987